Statistiche per Quiz sulla Guinea-Bissau

Clicka qui per fare il quiz!

Statistiche generali

  • Questo quiz è stato fatto 224 volte
  • Il punteggio medio è 11 su 17

Statistiche sulle risposte

HintRisposta% Corretto
Stati confinantiGuinea
98%
CapitaleBissau
95%
Senegal
95%
Paese da cui la Guinea-Bissau ha ottenuto l'indipendenza nel 1974Portogallo
92%
Come molte colonie dell'Africa occidentale, la Guinea-Bissau ha sofferto di questo commercioTratta degli {Schiavi}
91%
Anche se è un paese piuttosto piccolo, a causa della sua forma irregolare, la Guinea-Bissau è l'ottavo paese africano per lunghezza delle_____Coste
81%
Il più grande settore dell'economiaAgricoltura
80%
Valuta condivisa con altri sette paesiFranco CFA
77%
Tipo di foresta che copre la maggior parte della costaM{angrovie}
58%
Nome che designa una società guidata da donne, come le comunità che si possono trovare su queste isoleM{atriarcato}
55%
Valuta che dovrebbe sostituirla in 16 paesi africani del l'Occidente, compresa la Guinea-Bissau nei prossimi anniECO
49%
Questo calciatore, nato nella capitale, per un breve periodo è stato il più giovane marcatore di sempre della nazionale spagnola di calcioAnsu Fati
43%
Nomina uno dei tre gruppi etnici più comuniFula | Balanta | Mandinka
43%
Lingua più parlataCreolo
39%
Eroe dell'indipendenza nazionale assassinato nel 1973Amílcar Cabral
35%
Tipo di frutta a guscio che è la più grande esportazione della Guinea-BissauAnacardio
35%
Gruppo di 88 isole al largo della costa della Guinea-BissauIsole {Bissagos}
34%

Distribuzione punteggi

Percentile per numero di risposta

Percentuale di utenti per punteggio

I tuoi punteggi nel tempo

Non hai fatto questo quiz